| 000 | 01634cam a22003614i 4500 | ||
|---|---|---|---|
| 003 | PE-LiUPU | ||
| 005 | 20250731175630.0 | ||
| 008 | 150623s r 000 0 d | ||
| 035 | _a(Sirsi) a28905 | ||
| 040 |
_aPE-LiUPU _bspa _cPE-LiUPU _erda |
||
| 082 | 0 | 4 |
_a415 _bM261986 _221 |
| 100 | 1 |
_aMartinez Garcis, Hortensia, _eautor. |
|
| 245 | 1 | 3 |
_aEl suplemento en espanol / _cHortensia Martínez García. |
| 264 | 1 |
_aMadrid : _bGredos, _c1986. |
|
| 300 |
_a170 páginas ; _c20 cm. |
||
| 336 |
_atext _2rdacontent |
||
| 337 |
_aunmediated _2rdamedia |
||
| 338 |
_avolume _2rdacarrier |
||
| 505 | 0 | _aFunciones y categorias gramaticales. -Estructura interna del núcleo de la oración .-Categorías y funcciones oracionales. -La transposición y los transpositores. -La cuestión del suplemento. -Suplemento y verbos preposionales. -Suplemento y complemento. -Suplemento e implemento. -Suplemento y atributivos. -Suplemento y aditamento .-Suplemento e incrementaci´pon reflexiva .-Las categorías del sintagma suplemento. | |
| 526 | _aP145 | ||
| 526 | _aP127 | ||
| 526 | _aP97 | ||
| 526 | _aP35 | ||
| 526 | _aP14 | ||
| 526 | _aP07 | ||
| 650 | 0 | 4 |
_aEspañol _xSintaxis. |
| 650 | 0 | 4 |
_aEspañol _xVerbo. _95008 |
| 942 |
_2ddc _cBOOK |
||
| 949 |
_a415 M26 1986 _wDEWEY _c1 _i54568 _lCCODEBUL1 _mBUL _p00.00 _r0 _sY _tBOOK _u2015-06-24 _xBIBLIOTECA _zUNKNOWN _0COMPRA _o.STAFF. Colección General |
||
| 596 | _a1 | ||
| 999 |
_a415 M26 1986 _wDEWEY _c36204 _i54568 _f2021-11-5 _g5 _lCCODEBUL1 _mBUL _r0 _sN _tBOOK _u2015-6-24 _xBIBLIOTECA _zUNKNOWN _0COMPRA _o.STAFF. Colección General _d36204 |
||
| 980 |
_81 _gALBERTO SANCHEZ Responsable de Automatización |
||